Osobné prekážky v práci

Právnu úpravu osobných prekážok v práci upravuje § 141 zákona č. 311/2001 Z. z. Zákonník práce v znení neskorších predpisov. Zamestnávateľ poskytuje pri vzniku osobných prekážok v práci zamestnancovi pracovné voľno s náhradou alebo bez náhrady mzdy v závislosti od dôvodu vzniku prekážky, rozsahu jej...

Full description

Saved in:
Bibliographic Details
Main Author: Matlovičová, Iveta
Format: Book Chapter
Language:Slovak
Subjects:
Tags: Add Tag
No Tags, Be the first to tag this record!

MARC

LEADER 00000naa a2200000 4500
001 0278901
005 20211006083725.1
041 0 |a slo 
044 |a SK 
245 1 0 |a Osobné prekážky v práci  |c Iveta Matlovičová 
520 |a Právnu úpravu osobných prekážok v práci upravuje § 141 zákona č. 311/2001 Z. z. Zákonník práce v znení neskorších predpisov. Zamestnávateľ poskytuje pri vzniku osobných prekážok v práci zamestnancovi pracovné voľno s náhradou alebo bez náhrady mzdy v závislosti od dôvodu vzniku prekážky, rozsahu jej trvania a zákonného limitu ustanoveného v Zákonníku práce. Najčastejšie osobné prekážky v práci na strane zamestnanca - vyšetrenie u lekára, účasť na pohrebe, sprevádzanie rodinného príslušníka do zdravotníckeho zariadenia na vyšetrenie. 
610 2 0 |a prekážky v práci 
610 2 0 |a zamestnanci 
610 2 0 |a zamestnávatelia 
610 2 0 |a právo pracovné 
610 2 0 |a voľno pracovné 
610 2 0 |a zákonník práce 
100 1 |a Matlovičová, Iveta